[Event "Oberliga NRW 1112"]
[Site "Germany"]
[Date "2011.11.13"]
[Round "3.8"]
[White "Strozewski, Frank"]
[Black "Nikolaiczuk, Lothar"]
[Result "1/2-1/2"]
[WhiteElo "1990"]
[BlackElo "2198"]
[PlyCount "100"]
[EventDate "2011.09.18"]
[EventType "team-tourn"]
[EventRounds "9"]
[EventCountry "GER"]
[SourceTitle "EXT 2015"]
[Source "ChessBase"]
[SourceDate "2014.11.20"]
[SourceVersion "1"]
[SourceVersionDate "2014.11.20"]
[SourceQuality "1"]
[WhiteTeam "Erkenschwick"]
[BlackTeam "Bochum SG II"]
[WhiteTeamCountry "GER"]
[BlackTeamCountry "GER"]

1. c4 Nf6 2. d4 g6 3. Nc3 Bg7 4. e4 d6 5. Be2 0-0 6. g4 c5 7. d5 e6 8. g5 Ne8 9. h4 exd5 10. Nxd5 Nc6 11. Nh3 Nc7 12. Nhf4 Re8 13. f3 Ne6 14. Kf1 Ncd4 15. Kg2 Bd7 16. Be3 Bc6 17. Qd2 Rb8 18. Rag1 b5 19. b3 b4 20. Kf2 Rb7 21. h5 Nxf4 22. Bxf4 a5 23. Bd1 Re6 24. Kf1 Qe8 25. Qh2 Bxd5 26. cxd5 Re5 27. hxg6 hxg6 28. Rg4 Kf8 29. Rh4 Ke7 30. Rh7 Qf8 31. Bxe5 dxe5 32. f4 Kd6 33. f5 gxf5 34. exf5 Nxf5 35. Qf2 Nd4 36. Bg4 Re7 37. Qg2 e4 38. Qg3+ Be5 39. R1h6+ Kxd5 40. Qg2 f5 41. Be2 c4 42. Bxc4+ Kc5 43. Rxe7 Qxe7 44. Ra6 Qc7 45. g6 Nf3 46. Qc2 Bc3 47. Qf2+ Bd4 48. Qc2 Bc3 49. Qf2+ Bd4 50. Qc2 Bc3 1/2-1/2

[Event "NRW Class2 1011"]
[Site "Germany"]
[Date "2011.01.09"]
[Round "5.8"]
[White "Strozewski, Frank"]
[Black "Gottkehaskamp, Philipp"]
[Result "1-0"]
[WhiteElo "2046"]
[BlackElo "2063"]
[PlyCount "107"]
[EventDate "2010.09.26"]
[EventType "team-tourn"]
[EventRounds "9"]
[EventCountry "GER"]
[SourceTitle "EXT 2012"]
[Source "ChessBase"]
[SourceDate "2011.11.24"]
[SourceVersion "1"]
[SourceVersionDate "2011.11.24"]
[SourceQuality "1"]
[WhiteTeam "Erkenschwick"]
[BlackTeam "Muenster II"]
[WhiteTeamCountry "GER"]
[BlackTeamCountry "GER"]

1. c4 Nf6 2. d4 g6 3. Nc3 Bg7 4. e4 0-0 5. Be2 d6 6. g4 e5 7. d5 Na6 8. g5 Nd7 9. h4 Ndc5 10. h5 f5 11. gxf6 Qxf6 12. Be3 g5 13. h6 Bxh6 14. Qd2 Bg7 15. Nf3 h6 16. 0-0-0 Bg4 17. Nh2 Bxe2 18. Qxe2 Qg6 19. f3 Nd7 20. Rdg1 Nf6 21. Qd2 Nh7 22. Ne2 Rac8 23. Ng3 c6 24. Nf5 Rxf5 25. exf5 Qf7 26. Kb1 Qxf5+ 27. Ka1 Qf7 28. Ng4 Qg6 29. Nf2 Rf8 30. Rh3 cxd5 31. Qxd5+ Rf7 32. Ne4 Nb4 33. Qd1 Qe6 34. Rh2 Qxc4 35. b3 Qa6 36. Qxd6 Qxd6 37. Nxd6 Rxf3 38. Bxa7 Nc6 39. Bb6 Nd4 40. Bxd4 exd4 41. Nxb7 d3+ 42. Kb1 Bc3 43. Rc1 d2 44. Rd1 g4 45. Rxh6 g3 46. Nd6 Kg7 47. Rh3 Ng5 48. Rxg3 Rxg3 49. Nf5+ Kg6 50. Nxg3 Bb4 51. Kb2 Nf3 52. a3 Bd6 53. Ne4 Bf4 54. Kc3 1-0

[Event "NRW Class2 0910"]
[Site "Germany"]
[Date "2010.04.25"]
[Round "9.5"]
[White "Werrn, Pascal"]
[Black "Strozewski, Frank"]
[Result "0-1"]
[WhiteElo "1924"]
[BlackElo "2056"]
[PlyCount "68"]
[EventDate "2009.09.20"]
[EventType "team-tourn"]
[EventRounds "9"]
[EventCountry "GER"]
[SourceTitle "EXT 2011"]
[Source "ChessBase"]
[SourceDate "2010.11.26"]
[SourceVersion "1"]
[SourceVersionDate "2010.11.26"]
[SourceQuality "1"]
[WhiteTeam "Iserlohn Koenigsspringer"]
[BlackTeam "Erkenschwick"]
[WhiteTeamCountry "GER"]
[BlackTeamCountry "GER"]

1. d4 d6 2. Nf3 g6 3. h4 Bg7 4. h5 Nc6 5. h6 Bf6 6. Bg5 e5 7. Bxf6 Qxf6 8. d5 e4 9. dxc6 exf3 10. Nc3 bxc6 11. gxf3 Rb8 12. Qd2 Ne7 13. e4 Rxb2 14. 0-0-0 Rxa2 15. Kb1 Ra3 16. Kb2 Ra5 17. f4 Bg4 18. Bc4 0-0 19. e5 Rb8+ 20. Bb3 Qe6 21. Ne4 Rab5 22. Nf6+ Kh8 23. Ka1 Rxb3 24. cxb3 Bxd1 25. Qxd1 Rxb3 26. Qc1 Rb4 27. Qc2 Rxf4 28. Nd7 Qd5 29. Rh3 Qd4+ 30. Qc3 Qa4+ 31. Kb2 Rb4+ 32. Qb3 Rxb3+ 33. Rxb3 Qxb3+ 34. Kxb3 Nf5 0-1

[Event "NRW Class2 0910"]
[Site "Germany"]
[Date "2010.03.21"]
[Round "8.7"]
[White "Strozewski, Frank"]
[Black "Foerster, Sven"]
[Result "0-1"]
[WhiteElo "2056"]
[BlackElo "2060"]
[PlyCount "59"]
[EventDate "2009.09.20"]
[EventType "team-tourn"]
[EventRounds "9"]
[EventCountry "GER"]
[SourceTitle "EXT 2011"]
[Source "ChessBase"]
[SourceDate "2010.11.26"]
[SourceVersion "1"]
[SourceVersionDate "2010.11.26"]
[SourceQuality "1"]
[WhiteTeam "Erkenschwick"]
[BlackTeam "Aachen Aufwaerts"]
[WhiteTeamCountry "GER"]
[BlackTeamCountry "GER"]

1. c4 e6 2. d4 d5 3. Nc3 c6 4. Bf4 dxc4 5. e3 b5 6. Qf3 Bb4 7. Nge2 Nf6 8. a3 Ba5 9. 0-0-0 0-0 10. Bg5 Nbd7 11. Qxc6 Rb8 12. Nxb5 Rb6 13. Qxc4 Ba6 14. a4 Qb8 15. Kb1 Rc8 16. Qa2 Ne4 17. Bf4 Qb7 18. Bg3 Qc6 19. b4 Bxb5 20. d5 Bd3+ 21. Ka1 exd5 22. bxa5 Bxe2 23. axb6 Bxd1 24. Bd3 Qc1+ 25. Bb1 Nxb6 26. a5 Nc4 27. Qb3 Ned2 28. Qb4 Nxa5 29. Be5 Nab3+ 30. Qxb3 0-1

[Event "NRW Class2 0910"]
[Site "Germany"]
[Date "2010.02.21"]
[Round "7.8"]
[White "Strozewski, Frank"]
[Black "Kebbekus, Thomas"]
[Result "0-1"]
[WhiteElo "2056"]
[BlackElo "2186"]
[PlyCount "120"]
[EventDate "2009.09.20"]
[EventType "team-tourn"]
[EventRounds "9"]
[EventCountry "GER"]
[SourceTitle "EXT 2011"]
[Source "ChessBase"]
[SourceDate "2010.11.26"]
[SourceVersion "1"]
[SourceVersionDate "2010.11.26"]
[SourceQuality "1"]
[WhiteTeam "Erkenschwick"]
[BlackTeam "Hagen"]
[WhiteTeamCountry "GER"]
[BlackTeamCountry "GER"]

1. c4 Nf6 2. d4 e5 3. Nc3 exd4 4. Qxd4 Nc6 5. Qd1 Bb4 6. Bd2 0-0 7. e3 d6 8. Nf3 Re8 9. Be2 a5 10. 0-0 b6 11. a3 Bxc3 12. Bxc3 Ne4 13. Rc1 a4 14. Be1 Bb7 15. Nd2 Nc5 16. Nb1 Na5 17. Bf3 Bxf3 18. Qxf3 Nab3 19. Rc2 Re4 20. Bb4 Qe8 21. Rd1 Rb8 22. Rd5 Qe6 23. Qd1 f5 24. Nd2 Nxd2 25. Qxd2 Nb3 26. Qd1 Re8 27. g3 Qf7 28. Qf3 g6 29. Kg2 h5 30. h4 Rg4 31. Rd3 Rge4 32. Rd5 Kh7 33. Rd3 R8e5 34. Qd1 Rxc4 35. Rxc4 Qxc4 36. Rc3 Qe4+ 37. f3 Qb7 38. Qd3 Re7 39. Rc2 c5 40. Bc3 Qc6 41. Bf6 Re6 42. Bg5 d5 43. Qa6 Qd7 44. Qd3 b5 45. Bf4 c4 46. Qd1 Nc5 47. Rd2 Nd3 48. Bg5 d4 49. exd4 Qxd4 50. Qg1 Qg7 51. Be3 Qe7 52. Bf2 f4 53. g4 hxg4 54. fxg4 Qb7+ 55. Kh2 f3 56. h5 gxh5 57. gxh5 Qe4 58. Qd1 Re5 59. Bg3 Rxh5+ 60. Kg1 f2+ 0-1

[Event "Ruhrgebiet Regionalliga 0708"]
[Site "Germany"]
[Date "2008.03.16"]
[Round "7.5"]
[White "Strozewski, Frank"]
[Black "Goldschmidt, Christian"]
[Result "0-1"]
[WhiteElo "2072"]
[BlackElo "2242"]
[PlyCount "160"]
[EventDate "2007.09.16"]
[EventType "team-tourn"]
[EventRounds "9"]
[EventCountry "GER"]
[SourceTitle "EXT 2009"]
[Source "ChessBase"]
[SourceDate "2008.11.26"]
[SourceVersion "1"]
[SourceVersionDate "2008.11.26"]
[SourceQuality "1"]
[WhiteTeam "Erkenschwick"]
[BlackTeam "Brackel"]
[WhiteTeamCountry "GER"]
[BlackTeamCountry "GER"]

1. c4 Nf6 2. d4 g6 3. Nc3 Bg7 4. e4 d6 5. Be2 0-0 6. g4 c5 7. d5 e6 8. g5 Ne8 9. h4 exd5 10. exd5 Bf5 11. Be3 Nc7 12. Bd3 Bxd3 13. Qxd3 Nd7 14. Nf3 a6 15. 0-0 f5 16. Bf4 Ne5 17. Qe2 Re8 18. Rfe1 Qd7 19. Rad1 b5 20. Bxe5 Bxe5 21. Nxe5 Rxe5 22. Qd2 Rae8 23. f4 Rxe1+ 24. Rxe1 bxc4 25. a4 Rxe1+ 26. Qxe1 Qg7 27. Kf2 Qd4+ 28. Qe3 Kf7 29. Kf3 Qh8 30. Qe2 Qb8 31. Kf2 Qb7 32. Ke1 Kf8 33. Qd2 Ke7 34. Kd1 Kd7 35. Kc1 Qa8 36. Kb1 Qh8 37. Ne2 Qg8 38. Nc3 Qg7 39. Ne2 Qf7 40. Nc3 Kc8 41. Ka1 Kd7 42. Kb1 Qe7 43. Kc2 a5 44. Kd1 Na6 45. Qe2 Qxe2+ 46. Kxe2 Nb4 47. Kf3 Nd3 48. Nd1 Kc7 49. Ke3 Nb4 50. Nc3 Kb6 51. Kf3 Nd3 52. Nd1 c3 53. bxc3 c4 54. Ne3 Kc5 55. Kg3 Nb2 56. Nxf5 Kxd5 57. Ne7+ Ke6 58. Nc6 Nxa4 59. Nxa5 d5 60. Nc6 Nxc3 61. Nd4+ Kf7 62. Kf3 Ne4 63. f5 gxf5 64. Nxf5 Nc5 65. Ke3 Ne6 66. Kd2 d4 67. h5 Nxg5 68. Nxd4 Ne4+ 69. Kc2 Kf6 70. Nf3 Kf5 71. Kd1 h6 72. Ke1 Nd6 73. Ke2 Kg4 74. Ke3 Kxh5 75. Kd4 Kg4 76. Ne5+ Kg3 77. Kd5 c3 78. Kxd6 c2 79. Nd3 h5 80. Ke5 h4 0-1

[Event "Ruhrgebiet-ch"]
[Site "Muelheim"]
[Date "2007.06.09"]
[Round "6"]
[White "Strozewski, Frank"]
[Black "Becker, Marcel"]
[Result "0-1"]
[WhiteElo "1983"]
[BlackElo "2299"]
[PlyCount "62"]
[EventDate "2007.06.01"]
[EventType "swiss"]
[EventRounds "7"]
[EventCountry "GER"]
[SourceTitle "EXT 2008"]
[Source "ChessBase"]
[SourceDate "2007.11.25"]
[SourceVersion "1"]
[SourceVersionDate "2007.11.25"]
[SourceQuality "1"]

1. c4 e5 2. Nc3 Nf6 3. e4 Bc5 4. d3 d6 5. h3 Nc6 6. g3 a6 7. Bg2 0-0 8. Nge2 Nd4 9. Nxd4 Bxd4 10. Ne2 Ba7 11. 0-0 Be6 12. Kh2 Ne8 13. f4 f6 14. b3 b5 15. Bb2 Rb8 16. cxb5 axb5 17. d4 exd4 18. Nxd4 Bxd4 19. Bxd4 c5 20. Bg1 c4 21. Re1 Qe7 22. e5 dxe5 23. fxe5 f5 24. Bd5 Kh8 25. Bxe6 Qxe6 26. Bc5 Rf7 27. b4 Rd7 28. Qe2 Rbd8 29. Qe3 Rd2+ 30. Kg1 R8d3 31. Qf4 Qd5 0-1